000 00332nam a22001457a 4500
008 210602b ||||| |||| 00| 0 eng d
020 _a0803927428
041 _aeng
080 _a610.73
082 _a610.73
100 _a1
101 _aINF
245 _aAdvanced Design in Nursing Research
_cPamela J. Brink
942 _2udc
_cBK
999 _c57893
_d57893